000
00336nam a22001457a 4500
008
230516b ||||| |||| 00| 0 eng d
020
_a
2901853397355
041
_a
eng
080
_a
339
082
_a
339CAS
100
_a
23
101
_a
MJEDISI
245
_a
CLIMATE CHANGE AND THREATENED COMMUNITIES
_c
CASTRO.P
942
_2
udc
_c
BK
999
_c
59725
_d
59725